000 00350nam a22001457a 4500
003 MACL
005 20191126170805.0
008 191126b xxu||||| |||| 00| 0 eng d
040 _cMACL
100 _aGupta, Vikas
_977309
245 _aUnity in Diversity
260 _aDelhi
_bAryan Pra
_c2018
650 _aSocial Science
_977310
942 _2ddc
_cBK
999 _c61421
_d61421